| 000 | 00447pab a2200169 454500 | ||
|---|---|---|---|
| 008 | 180718b2009 xxu||||| |||| 00| 0 eng d | ||
| 100 | _aRichards, Donald G. | ||
| 245 | _aEconomics and "nature's standard": Wes Jackson and the land institute | ||
| 260 | _c2009 | ||
| 300 | _ap.186-95. | ||
| 362 | _aSpring | ||
| 650 | _aEconomics | ||
| 650 | _aAgriculture | ||
| 773 | _aReview of Radical Political Economics | ||
| 908 | _aN | ||
| 909 | _a83373 | ||
| 999 |
_c83373 _d83373 |
||